000 00963nas a2200313 4500
001 BR9208202
003 BR-BrBNA
005 20231205093101.0
007 ta
008 230509b bl.|||p| |||| 00| 00por d
040 _aBR-BrBNA
_bpor
_cBiblioteca Nacional de Agricultura
041 _a(Pt)
072 _aH10
100 1 _aFaria, A.M.
100 1 _aFernandes, S.C.S.
100 1 _aSantos, J.C.C. dos
100 1 _aBergmann, E.C.
100 1 _aBrisolla, A.D.
100 1 _aTakematsu, A.P.
100 1 _aNegri, J.D.
100 1 _aSempionato, O.R.
245 1 _aEstudos sobre controle da broca dos ramos e do tronco dos citros Diploschema rotundicolle (Serville, 1834)(Coleoptera - Cerambycidae)
650 _aFRUTA CITRICA
650 _aBROCA
650 _aCONTROLE QUIMICO
773 0 _tBiologico (Brazil)
_xISSN 0366-0567
_g(Jan-Jun 1987), v. 53(1-6) p. 41-43
_wBR9208202
909 _a202311
_bLúcia
_c55
_dLúcia Elande
942 _2AGRIS
_n0
_cANA
999 _c136144
_d136144